| 000 | 00479nam a22001697a 4500 | ||
|---|---|---|---|
| 999 |
_c41281 _d41281 |
||
| 003 | OSt | ||
| 005 | 20210412151003.0 | ||
| 008 | 210412b ||||| |||| 00| 0 eng d | ||
| 020 | _a9788182719385 | ||
| 040 | _coclc | ||
| 082 |
_a297 _bAHM/S |
||
| 100 |
_98587 _aAhmed, Jameel |
||
| 245 |
_aSoundaryathinte Matham/ _cDr, Jameel Ahmed |
||
| 260 |
_aKozhikode: _b Islamic Publishing House |
||
| 300 | _a79 pages | ||
| 942 |
_2ddc _cBK _h297 _iAHM/S _k297 _mAHM/S |
||